Két sikeres megmérettetés a nyári összpontosítás előtt

Bibliographic Details
Format: Article
Language:Hungarian
Slovak
PhysicalDescription:Fotogr.
ISSN:1336-3638
Subjects:

MARC

LEADER 00000nab a2200000 a 4500
001 vtls010612193
003 SK-MaSNL
005 20260319071130.0
008 140730|2014 xo w| 000 0|hun
015 |a SNBRB2014/07 
038 |a DSZK 
040 |a DSZK  |b slo  |c DSZK  |e AACR2 
041 |a hun  |a slo 
044 |a xo  |c SK 
080 |a 796.853.26  |x (437.6)  |2 2001 
245 0 0 |a Két sikeres megmérettetés a nyári összpontosítás előtt  |c [szerző] (ha) 
300 |b Fotogr. 
610 2 7 |a Seishin karate klub  |2 dszk  |9 1091086 
611 2 7 |a O Pohár starostu  |d (2014 :  |c Trhová Hradská, Slovensko)  |2 dszk  |9 1094572 
611 2 7 |a O Pohár starostu  |n (7. :  |d 2014 :  |c Kameničná, Slovensko)  |2 dszk  |9 1094573 
650 0 7 |a karate  |2 SNKPH  |9 3275 
651 7 |a Trhová Hradská (Slovensko)  |2 SNKPHgeo  |9 103340 
651 7 |a Kameničná (Slovensko)  |2 SNKPHgeo  |9 103367 
773 0 |t Csallóköz=Žitný ostrov  |g Évf. 54, sz. 27 (2014), o. 41  |x 1336-3638 
852 |a DSZK  |b KIS3GCP 
856 |a http://www.csallokoz.sk 
958 |a SK 
958 |a HU 
999 |c 1798650  |d 1800580